00809nam a2200217 a 450000100100000000500170001000800410002702000150006804000250008308200150010810000250012324500890014826000520023730000200028949000300030950000590033958600260039883000370042495201130046199900170057400004134020201002034814.0131001s1996 sp 000 0 spa d a8472327590 aDO-SdBNPbspacBNPHU axxxxbssss1 aRueda, Manuel91995810aRetablo de la pasión y muerte de Juana la loca :ben dos jornadas /cManuel Rueda. aMadrid, España :bCultura Hispánica,c1996. a70 p. ;c20 cm.1 aCultura hispanicaaTeatro aIncluye datos biografícos en la solapa de la portada aTirso de Molina, 1995 0aCultura hispanicagTeatro967982 001050718MOaPDbPDcCTd2013-10-01iLF1l0oxxxx ssssp41340-10r2020-06-25w2020-06-25y1ZNo se presta c40830d40830